Distritos de Maranguape em um Mapa - Statistics

Estatísticas Gerais
  • Esse quiz foi jogado 12 vezes
  • A pontuação média é 7 de 17
Respostas no mapa
Respostas codificadas por cores de uma escala verde-vermelha no mapa do quiz de acordo com a % correta abaixo.
 
Estatísticas das Respostas
Distrito % Correto
Maranguape
86%
Lages
71%
Amanari
57%
Penedo
57%
São João do Amanari
57%
Itapebussu
43%
Jubaia
43%
Ladeira Grande
43%
Lagoa do Juvenal
43%
Tanques
43%
Cachoeira
29%
Manoel Guedes
29%
Papara
29%
Sapupara
29%
Umarizeiras
29%
Antônio Marques
14%
Vertentes do Lagedo
14%
Nenhum quiz correspondente encontrado
Distribuição das Pontuações
Porcentagem de Pessoas com Cada Pontuação
Percentil de Números Respondidos
Sua Pontuação Histórica
Você não jogou esse quiz